Подробности
| 000 -МАРКЕР |
| контрольное поле |
01660nam0a2200325 4500 |
| 001 - ИДЕНТИФИКАТОР ЗАПИСИ |
| контрольное поле |
RU\NLR\bibl\304740 |
| 005 - ИДЕНТИФИКАТОР ВЕРСИИ |
| контрольное поле |
20260406065555.0 |
| 010 ## - МЕЖДУНАРОДНЫЙ СТАНДАРТНЫЙ НОМЕР КНИГИ (ISBN) |
| Номер (ISBN) |
5-88476-419-7 |
| Тираж |
200 |
| 035 ## - ДРУГИЕ СИСТЕМНЫЕ НОМЕРА |
| Идентификатор записи |
(NLR Aleph) 000299911 |
| 100 ## - ДАННЫЕ ОБЩЕЙ ОБРАБОТКИ |
| Данные общей обработки |
20020910d2002 |||y0rusy50 ca |
| 101 0# - ЯЗЫК РЕСУРСА |
| Язык текста, звукозаписи и т.д. |
русский |
| 102 ## - СТРАНА ПУБЛИКАЦИИ ИЛИ ПРОИЗВОДСТВА |
| Страна публикации |
Российская Федерация |
| 105 ## - ПОЛЕ КОДИРОВАННЫХ ДАННЫХ: ТЕКСТОВЫЕ МАТЕРИАЛЫ, МОНОГРАФИЧЕСКИЕ |
| Кодированные данные о монографическом текстовом документе |
y ||||||||| |
| 200 1# - ЗАГЛАВИЕ И СВЕДЕНИЯ ОБ ОТВЕТСТВЕННОСТИ |
| Основное заглавие |
Власть и самоуправление |
| Сведения, относящиеся к заглавию |
Арханг. губернии в период революции (1917-1920 гг.) |
| Первые сведения об ответственности |
А.В. Воронин, П.В. Федоров |
| Последующие сведения об ответственности |
М-во образования Рос. Федерации, Мурм. гос. пед. ин-т, Ломоносов. фонд. Мурм. отд-ние |
| 210 ## - ПУБЛИКАЦИЯ, РАСПРОСТРАНЕНИЕ И ДР. |
| Место издания, распространения и т.д. |
Мурманск |
| Имя издателя, распространителя и т. д. |
Б.и. |
| Дата издания, распространения и т.д. |
2002 |
| 215 ## - ФИЗИЧЕСКАЯ ХАРАКТЕРИСТИКА |
| Специфическое обозначение материала и объем |
220 с. |
| Размеры |
20 |
| 300 ## - ОБЩИЕ ПРИМЕЧАНИЯ |
| Текст примечания |
На обороте тит. л. авт.: Воронин А.В., д.ист.н., проф., Федоров П.В., к.ист.н., преп. |
| 320 ## - ПРИМЕЧАНИЯ О НАЛИЧИИ В ДОКУМЕНТЕ БИБЛИОГРАФИИ / УКАЗАТЕЛЯ |
| Текст примечания |
Библиогр. в подстроч. примеч. |
| 606 0# - НАИМЕНОВАНИЕ ТЕМЫ КАК ПРЕДМЕТ |
| Наименование темы |
Местное самоуправление |
| Тематический подзаголовок |
История |
| Географический подзаголовок |
Архангельская губерния |
| Хронологический подзаголовок |
1917 - 1920 |
| Системный номер авторитетной/нормативной записи |
2258947 |
| Идентификатор авторитетной/нормативной записи |
RU\NLR\auth\661354584 |
| 686 ## - ИНДЕКСЫ ДРУГИХ КЛАССИФИКАЦИЙ |
| Индекс |
Х621.011.29(2Р-7Арх) |
| 700 #1 - ИМЯ ЛИЦА - ПЕРВИЧНАЯ ОТВЕТСТВЕННОСТЬ |
| Код отношения |
Автор |
| Материалы, к которым относится поле |
rus |
| Графика поля |
Кириллица |
| Начальный элемент ввода |
Воронин |
| Часть имени, кроме начального элемента ввода |
А. В. |
| Дополнения к именам, кроме дат |
д-р ист. наук |
| Даты |
1957- |
| Расширение инициалов личного имени |
Алексей Викторович |
| Идентификатор авторитетной/нормативной записи |
RU\NLR\auth\77111589 |
| Системный номер авторитетной/нормативной записи |
94514 |
| 701 #1 - ИМЯ ЛИЦА - АЛЬТЕРНАТИВНАЯ ОТВЕТСТВЕННОСТЬ |
| Код отношения |
Автор |
| Материалы, к которым относится поле |
rus |
| Графика поля |
Кириллица |
| Начальный элемент ввода |
Федоров |
| Часть имени, кроме начального элемента ввода |
П. В. |
| Дополнения к именам, кроме дат |
д-р ист. наук |
| Даты |
1976- |
| Расширение инициалов личного имени |
Павел Викторович |
| Идентификатор авторитетной/нормативной записи |
RU\NLR\AUTH\7725568 |
| Системный номер авторитетной/нормативной записи |
8615 |
| 801 #0 - ИСТОЧНИК ЗАПИСИ |
| Страна |
Российская Федерация |
| Организация |
NLR |
| Дата составления |
20020910 |
| Правила каталогизации |
PSBO |
| 801 #1 - ИСТОЧНИК ЗАПИСИ |
| Страна |
Российская Федерация |
| Организация |
NLR |
| Дата составления |
20020910 |
| 830 ## - ОБЩЕЕ ПРИМЕЧАНИЕ, СОСТАВЛЕННОЕ КАТАЛОГИЗАТОРОМ |
| Текст примечания |
Авт. по кн. |
| 942 ## - ДОПОЛНИТЕЛЬНЫЕ ЭЛЕМЕНТЫ ЗАПИСИ (АБИС) |
| Тип экземпляра АБИС |
Книга |
| 980 ## - КОЛЛЕКЦИЯ |
| Название коллекции |
Национальная библиография |